| 000 | 01173nam a2200385 i 4500 | ||
|---|---|---|---|
| 001 | 4426 | ||
| 003 | KOSZ 005 | ||
| 005 | 20220330133312.0 | ||
| 008 | 961010s1990 uk f |001 0 eng d | ||
| 020 | _a0582044324 | ||
| 040 |
_cKOSZ 005/AR _aKOSZ 005 _dKOSZ 005/HR |
||
| 041 | _aeng | ||
| 046 | _k1990 | ||
| 080 | _a94(410) | ||
| 100 | 1 |
_aMcDowall, David _d(1945- ) _eAutor |
|
| 245 | 0 |
_aAn illustrated history of Britain / _cDavid McDowall. |
|
| 250 | _aReprinted | ||
| 260 |
_aHarlow : _bLongman, _c1990. |
||
| 300 |
_a[4], 188 stron : _bilustracje ; _c26 cm |
||
| 336 |
_aTekst _btxt _2rdacontent |
||
| 337 |
_aBez urządzenia pośredniczącego _bn _2rdamedia |
||
| 338 |
_aWolumin _bnc _3rdacarrier |
||
| 380 | _aKsiążki | ||
| 380 | _aPublikacje dydaktyczne | ||
| 388 | _a1901-2000 | ||
| 388 | _a1989-2000 | ||
| 504 | _aIndeks. | ||
| 650 | _aHistoria | ||
| 651 | _aWielka Brytania | ||
| 655 | _aWydawnictwa popularne | ||
| 658 | _aHistoria | ||
| 710 |
_aLongman (London) _4pbl |
||
| 856 |
_uhttp://koha.tu.koszalin.pl/cgi-bin/koha/opac-detail.pl?biblionumber=4426 _yKatalog online BPK |
||
| 942 |
_cKS _2UKD |
||
| 999 |
_c4426 _d4426 |
||